书目信息 |
| 题名: |
极简蔬果汁
|
|
| 作者: | 周兆祥 著 | |
| 分册: | ||
| 出版信息: | 石家庄 河北科学技术出版社 2020.06 |
|
| 页数: | 252页 | |
| 开本: | 23cm | |
| 丛书名: | 周兆祥食生系列 | |
| 单 册: | ||
| 中图分类: | TS275.54 | |
| 科图分类: | ||
| 主题词: | 蔬菜--shu cai--饮料--制作 , 果汁饮料--guo zhi yin liao--制作 | |
| 电子资源: | ||
| ISBN: | 978-7-5717-0255-7 | |
| 000 | 01209nam 2200301 450 | |
| 001 | CAL 0120203029098 | |
| 005 | 20230217093112.0 | |
| 010 | @a978-7-5717-0255-7@dCNY65.00 | |
| 100 | @a20200706d2020 em y0chiy0120 ea | |
| 101 | 0 | @achi |
| 102 | @aCN@b130000 | |
| 105 | @aa a 000yy | |
| 106 | @ar | |
| 200 | 1 | @a极简蔬果汁@Aji jian shu guo zhi@e食生疗愈专家@f周兆祥著 |
| 210 | @a石家庄@c河北科学技术出版社@d2020.06 | |
| 215 | @a252页@c彩图@d23cm | |
| 225 | 2 | @a周兆祥食生系列@Azhou zhao xiang shi sheng xi lie |
| 314 | @a周兆祥, 香港知名食生疗愈专家, 大学毕业于香港大学中文系。 | |
| 320 | @a有书目 (第251-252页) | |
| 330 | @a本书全面介绍了食生的理念、原则和实践方法, 并解答了一些疑问, 全书共有72个健康美味的菜肴, 每一道菜都给出了详细的制作步骤, 好看又好吃, 健康又省钱。本书的出版旨在为读者介绍一种健康的饮食方式, 促进读者身体健康, 具有很高的出版价值和良好的社会效益。 | |
| 410 | 0 | @12001 @a周兆祥食生系列 |
| 517 | 1 | @a食生疗愈专家@Ashi sheng liao yu zhuan jia |
| 606 | 0 | @a蔬菜@Ashu cai@x饮料@x制作 |
| 606 | 0 | @a果汁饮料@Aguo zhi yin liao@x制作 |
| 690 | @aTS275.54@v5 | |
| 701 | 0 | @a周兆祥@Azhou zhao xiang@4著 |
| 801 | 0 | @aCN@bBJXHZP@c20230228 |
| 905 | @b1387353-6@dTS275.54@e399@f4 | |
| 极简蔬果汁:食生疗愈专家/周兆祥著.-石家庄:河北科学技术出版社,2020.06 |
| 252页:彩图;23cm.-(周兆祥食生系列) |
| ISBN 978-7-5717-0255-7:CNY65.00 |
| 本书全面介绍了食生的理念、原则和实践方法, 并解答了一些疑问, 全书共有72个健康美味的菜肴, 每一道菜都给出了详细的制作步骤, 好看又好吃, 健康又省钱。本书的出版旨在为读者介绍一种健康的饮食方式, 促进读者身体健康, 具有很高的出版价值和良好的社会效益。 |
| ● |
| 相关链接 |
|
|
|
|
正题名:极简蔬果汁
索取号:TS275.54/399
 
预约/预借
| 序号 | 登录号 | 条形码 | 馆藏地/架位号 | 状态 | 备注 |
| 1 | 1387353 | 213873539 | 第二样本阅览室/ [索取号:TS275.54/399] | 在馆 | |
| 2 | 1387354 | 213873548 | 第三借阅区/ [索取号:TS275.54/399] | 在馆 | |
| 3 | 1387355 | 213873557 | 第三借阅区/ [索取号:TS275.54/399] | 在馆 | |
| 4 | 1387356 | 213873566 | 第三借阅区/ [索取号:TS275.54/399] | 在馆 |